000 01657nam a22004934a 4500
001 UByD003029
003 AR-LpoUNG
005 20240808095138.0
008 240808s2018||||ag 000|0 spa d
020 _a9789876995078
040 _aAR-LpoUNG
_bspa
_cAR-LpoUNG
_eaacr
041 0 _aspa
044 _aag
082 0 4 _a982.068 191act
_220
100 1 _aPanero, Marcelo
_ecomp.
245 1 0 _aActores, políticas públicas y conflicto agropecuario :
_ba diez años de la 125
250 _a1ra. ed.
260 _aVilla María (Córdoba. Argentina) :
_bEduvim,
_c2008.
300 _a171 p.
520 _aSe ofrece una lectura política del llamado "conflicto del campo", aquél hito en la historia económica y política reciente de la Argentina. Con un alto grado de exposición, el conflicto reveló la construcción de las representaciones de los actores concentrados del agro nacional en su enfrentamiento con el gobierno.
650 4 _aANALISIS HISTORICO
650 4 _aHISTORIA ECONOMICA
650 4 _aHISTORIA POLITICA
650 4 _aSECTOR AGROPECUARIO
650 4 _aCAPITAL INDUSTRIAL
650 4 _aCONCENTRACION DEL CAPITAL
650 4 _aCONFLICTOS POLITICOS
650 4 _aCONFLICTOS SOCIALES
650 4 _aRENTA DE LA TIERRA
650 4 _aECONOMIA
650 4 _aGANANCIA
650 4 _aESTADO
650 4 _aGOBIERNO
651 4 _aARGENTINA
700 1 _aNeiman, Guillermo
700 1 _aRosati, Germán
700 1 _aPatroullieau, Mercedes
700 1 _aAlonso, Ignacio
700 1 _aLissin, Lautaro
700 1 _aBerger, Matías
700 1 _aDossi, Marina
905 _a56188
942 _cLIB
_2ddc
999 _c65620
_d65620